[Event "South Island Championships 2023"]
[Site "Oamaru, New Zealand"]
[Date "2023.09.28"]
[Round "3.5"]
[White "McNabb, Matthew D"]
[Black "Gold, Hamish R"]
[Result "1-0"]
[TimeControl "90 + 30"]
[WhiteFideId "4300823"]
[BlackFideId "4301579"]
[WhiteElo "2236"]
[BlackElo "1758"]

1. Nf3 {[%clk 01:30:57]} {[%emt 00:00:02]} d6 {[%clk 01:29:58]} {[%emt
00:01:01]} 2. d4 {[%clk 01:31:19]} {[%emt 00:00:09]} Bg4 {[%clk 01:29:32]}
{[%emt 00:00:56]} 3. c3 {[%clk 01:28:22]} {[%emt 00:03:27]} Nd7 {[%clk
01:26:09]} {[%emt 00:03:52]} 4. Qb3 {[%clk 01:28:26]} {[%emt 00:00:27]} Bxf3
{[%clk 01:25:47]} {[%emt 00:00:52]} 5. exf3 {[%clk 01:28:19]} {[%emt 00:00:38]}
b6 {[%clk 01:23:52]} {[%emt 00:02:23]} 6. Bd3 {[%clk 01:24:08]} {[%emt
00:04:42]} e5 {[%clk 01:18:10]} {[%emt 00:06:11]} 7. O-O {[%clk 01:22:26]}
{[%emt 00:02:13]} c6 {[%clk 01:08:14]} {[%emt 00:10:26]} 8. Re1 {[%clk
01:16:51]} {[%emt 00:06:05]} Be7 {[%clk 01:05:42]} {[%emt 00:03:02]} 9. Nd2
{[%clk 01:04:14]} {[%emt 00:13:07]} Ngf6 {[%clk 01:04:36]} {[%emt 00:01:36]} 10.
Nf1 {[%clk 00:53:38]} {[%emt 00:11:06]} O-O {[%clk 01:00:09]} {[%emt 00:04:57]}
11. Ng3 {[%clk 00:51:47]} {[%emt 00:02:22]} Re8 {[%clk 00:57:36]} {[%emt
00:03:01]} 12. Bd2 {[%clk 00:49:26]} {[%emt 00:02:52]} Qc7 {[%clk 00:55:46]}
{[%emt 00:02:19]} 13. Rac1 {[%clk 00:49:39]} {[%emt 00:00:18]} Rac8 {[%clk
00:55:46]} {[%emt 00:00:29]} 14. Bb1 {[%clk 00:49:13]} {[%emt 00:00:57]} Bf8
{[%clk 00:53:09]} {[%emt 00:03:06]} 15. dxe5 {[%clk 00:47:39]} {[%emt
00:02:05]} dxe5 {[%clk 00:50:31]} {[%emt 00:03:08]} 16. c4 {[%clk 00:47:22]}
{[%emt 00:00:48]} Nc5 {[%clk 00:44:06]} {[%emt 00:06:54]} 17. Qc2 {[%clk
00:46:03]} {[%emt 00:01:49]} Ne6 {[%clk 00:43:32]} {[%emt 00:01:02]} 18. Nh5
{[%clk 00:41:28]} {[%emt 00:05:07]} e4 {[%clk 00:33:10]} {[%emt 00:10:52]} 19.
Nxf6+ {[%clk 00:41:53]} {[%emt 00:00:06]} gxf6 {[%clk 00:33:07]} {[%emt
00:00:32]} 20. Rxe4 {[%clk 00:37:15]} {[%emt 00:05:08]} Bd6 {[%clk 00:30:16]}
{[%emt 00:03:20]} 21. Bh6 {[%clk 00:34:07]} {[%emt 00:03:39]} Bxh2+ {[%clk
00:28:20]} {[%emt 00:02:26]} 22. Kh1 {[%clk 00:34:21]} {[%emt 00:00:15]} Bf4
{[%clk 00:20:04]} {[%emt 00:08:46]} 23. Rxf4 {[%clk 00:33:51]} {[%emt
00:01:01]} Ng5 {[%clk 00:17:33]} {[%emt 00:03:02]} 24. Rg4 {[%clk 00:33:31]}
{[%emt 00:00:49]} Qd7 {[%clk 00:16:42]} {[%emt 00:01:21]} 25. Qxh7# {[%clk
00:33:21]} {[%emt 00:00:10]} 1-0

[Event "South Island Championships 2023"]
[Site "Oamaru, New Zealand"]
[Date "2023.09.28"]
[Round "3.9"]
[White "Tao, Junqing Jerome"]
[Black "Malcolm, Leo"]
[Result "1-0"]
[TimeControl "90 + 30"]
[WhiteFideId "4313895"]
[BlackFideId "4317408"]
[WhiteElo "1634"]
[BlackElo "1876"]

1. e4 {[%clk 01:30:56]} {[%emt 00:00:03]} e5 {[%clk 01:30:53]} {[%emt
00:00:07]} 2. Nf3 {[%clk 01:31:23]} {[%emt 00:00:03]} Nc6 {[%clk 01:31:18]}
{[%emt 00:00:05]} 3. d4 {[%clk 01:31:39]} {[%emt 00:00:14]} exd4 {[%clk
01:30:53]} {[%emt 00:00:56]} 4. Bc4 {[%clk 01:32:04]} {[%emt 00:00:06]} Nf6
{[%clk 01:31:12]} {[%emt 00:00:10]} 5. e5 {[%clk 01:32:27]} {[%emt 00:00:07]}
d5 {[%clk 01:31:37]} {[%emt 00:00:05]} 6. Bb5 {[%clk 01:32:53]} {[%emt
00:00:04]} Ne4 {[%clk 01:31:34]} {[%emt 00:00:33]} 7. Nxd4 {[%clk 01:33:12]}
{[%emt 00:00:11]} Bc5 {[%clk 01:31:13]} {[%emt 00:00:50]} 8. Be3 {[%clk
01:31:36]} {[%emt 00:02:07]} O-O {[%clk 01:30:54]} {[%emt 00:00:49]} 9. Nxc6
{[%clk 01:30:35]} {[%emt 00:01:31]} bxc6 {[%clk 01:29:23]} {[%emt 00:02:01]} 10.
Bxc5 {[%clk 01:31:00]} {[%emt 00:00:05]} Bb7 {[%clk 01:10:00]} {[%emt
00:19:52]} 11. Bxf8 {[%clk 01:31:11]} {[%emt 00:00:19]} Qxf8 {[%clk 01:10:22]}
{[%emt 00:00:08]} 12. Bd3 {[%clk 01:31:23]} {[%emt 00:00:19]} Qb4+ {[%clk
01:10:34]} {[%emt 00:00:18]} 13. Nd2 {[%clk 01:31:34]} {[%emt 00:00:19]} 1-0

[Event "74th South Island Chess Championship"]
[Site "Oamaru NZL"]
[Date "2023.09.28"]
[Round "3.12"]
[White "Barry, Jacob"]
[Black "Wang, Justin Zhide"]
[Result "0-1"]
[WhiteElo "1565"]
[BlackElo "1849"]

1. e4 e6 2. d4 d5 3. exd5 exd5 4. Nc3 c6 5. Nf3 Bd6 6. h3 Ne7 7. Bd3 O-O 8. O-O
f5 9. Re1 Nd7 10. Qe2 Nf6 11. Bg5 Ne4 12. Bxe4 fxe4 13. Ne5 Bxe5 14. dxe5 h6
15. Bh4 Qe8 16. Bg3 Nf5 17. Bh2 Qg6 18. Nxe4 dxe4 19. Qxe4 Be6 20. c4 Ne7 21.
Qxg6 Nxg6 22. b3 Rad8 23. Rad1 Nh4 24. Bg3 Nf5 25. Bh2 Nd4 26. f4 Rd7 27. Kh1
g6 28. Re3 c5 29. Red3 Rdf7 30. Bg1 Rxf4 31. Bxd4 cxd4 32. Rxd4 Rxd4 33. Rxd4
Kf7 34. Rf4+ Ke7 35. Rxf8 Kxf8 36. Kg1 Bf5 37. Kf2 Ke7 38. Ke3 Ke6 39. Kd4 Bb1
40. a3 Kd7 41. g4 Bc2 42. b4 Ke6 43. h4 Bd1 44. g5 hxg5 45. hxg5 Bf3 46. Ke3
Bh1 47. Kf4 b6 48. c5 bxc5 49. bxc5 Bc6 0-1

[Event "74th South Island Chess Championship"]
[Site "Oamaru NZL"]
[Date "2023.09.28"]
[Round "3.13"]
[White "Holdo, Karl"]
[Black "Ha, Timothy Huy Minh"]
[Result "1/2-1/2"]
[WhiteElo "1551"]
[BlackElo "1843"]

1. e4 d5 2. exd5 Qxd5 3. Nc3 Qd8 4. d4 Nf6 5. Nf3 Bg4 6. Be2 e6 7. Be3 c6 8.
Qd3 Nbd7 9. a3 Nb6 10. O-O Be7 11. Ne5 Bf5 12. Qd2 Nfd5 13. Nxd5 Nxd5 14. c4
Nf6 15. f3 O-O 16. Qc3 Nd7 17. Rad1 Nxe5 18. dxe5 Qc7 19. Bd3 Bxd3 20. Rxd3
Rad8 21. f4 Rxd3 22. Qxd3 Rd8 23. Qe4 a6 24. f5 Qd7 25. f6 Bf8 26. fxg7 Bxg7
27. Qf4 Rf8 28. Bc5 Rd8 29. Bd6 f6 30. c5 fxe5 31. Qe4 Qe8 32. Rf3 Qg6 33. Qe2
Rd7 34. h3 Rf7 35. Rxf7 Kxf7 36. Bxe5 Qf5 37. Bxg7 Qxc5+ 38. Kh2 Kxg7 39. Qxe6
Qf2 40. Qg4+ Kf6 41. Qb4 Qa7 42. Qd6+ Kg7 43. Qe7+ Kg6 44. Qe6+ Kg7 45. Qe7+
1/2-1/2

[Event "74th South Island Chess Championship"]
[Site "Oamaru NZL"]
[Date "2023.09.28"]
[Round "3.15"]
[White "Summers, Paul G"]
[Black "Clarkson, Robert D"]
[Result "1-0"]
[WhiteElo "1799"]
[BlackElo "1568"]

1. Nf3 d5 2. e4 dxe4 3. Ng5 Nf6 4. Bc4 e6 5. Nc3 h6 6. Ngxe4 Nbd7 7. d4 Be7 8.
Be3 O-O 9. Qf3 a6 10. a3 b5 11. Bd3 Rb8 12. O-O Bb7 13. Qh3 Nxe4 14. Nxe4 Nf6
15. Nxf6+ Bxf6 16. Bxh6 Qxd4 17. Bxg7 Qh4 18. Bxf6 Qxh3 19. gxh3 Rfe8 20. Rae1
c5 21. Re5 c4 22. Rh5 1-0

[Event "74th South Island Chess Championship"]
[Site "Oamaru NZL"]
[Date "2023.09.28"]
[Round "3.16"]
[White "Fairley, Natasha"]
[Black "Bell, Daniel"]
[Result "1/2-1/2"]
[WhiteElo "1771"]
[BlackElo "1565"]

1. e4 c6 2. d4 d5 3. exd5 cxd5 4. Bd3 Nf6 5. c3 e6 6. Nf3 Be7 7. O-O O-O 8. h3
Nc6 9. Bf4 Qb6 10. Qc1 Ne4 11. Nbd2 f5 12. Ne5 Nxe5 13. Bxe5 Bg5 14. f4 Bf6 15.
Nf3 Bd7 16. Bxf6 gxf6 17. Kh2 Bb5 18. Bxb5 Qxb5 19. Nd2 Qe8 20. Nxe4 fxe4 21.
Qe1 Kh8 22. Qe3 Rg8 23. f5 e5 24. Rad1 Qe7 25. g3 Rad8 26. Rf2 exd4 27. Rxd4
Qe5 28. Rf4 1/2-1/2

[Event "74th South Island Chess Championship"]
[Site "Oamaru NZL"]
[Date "2023.09.28"]
[Round "3.17"]
[White "Familton, Gregory"]
[Black "Moshakova, Elena"]
[Result "1-0"]
[WhiteElo "1751"]
[BlackElo "1546"]

1. e4 e5 2. Bc4 Nf6 3. d4 Nxe4 4. dxe5 Ng5 5. f4 Ne6 6. Nf3 Be7 7. Nc3 d6 8. f5
Ng5 9. Nxg5 Bxg5 10. Qh5 Qe7 11. Bxg5 Qxe5+ 12. Qe2 Qxe2+ 13. Kxe2 Bxf5 14.
Rhe1 O-O 15. Nd5 Bg4+ 16. Kd2 Nd7 17. Rf1 Ne5 18. Bb3 c6 19. Ne3 Be6 20. Rad1
d5 21. Bf4 f6 22. Bxe5 fxe5 23. Rxf8+ Rxf8 24. Rf1 Rf6 25. Rxf6 gxf6 26. c3 Kg7
27. a3 h5 28. Bd1 Kg6 29. h4 f5 30. Nf1 f4 31. g3 Bh3 32. Ke1 Bg4 33. Bxg4 hxg4
34. Kf2 Kh5 35. Nd2 fxg3+ 36. Kxg3 e4 37. Nf1 c5 38. Ne3 d4 39. cxd4 cxd4 40.
Nxg4 e3 41. Ne5 a6 42. Nd3 Kh6 43. Kf3 Kh5 44. Ke4 Kxh4 45. Kxd4 1-0

[Event "74th South Island Chess Championship"]
[Site "Oamaru NZL"]
[Date "2023.09.28"]
[Round "3.18"]
[White "Mischke, Andreas"]
[Black "Liu, Richard Jingjie"]
[Result "1-0"]
[WhiteElo "1680"]
[BlackElo "1528"]

1. e4 e5 2. Nf3 Nc6 3. Bc4 Bc5 4. O-O Nf6 5. d3 h6 6. c3 d6 7. b4 Bb6 8. a4 a6
9. h3 O-O 10. Be3 Bxe3 11. fxe3 Be6 12. Bxe6 fxe6 13. Qb3 Qe7 14. Nbd2 Rad8 15.
b5 Na7 16. bxa6 bxa6 17. Qb7 d5 18. Qxa7 Ra8 19. Qb7 Qc5 20. d4 Qxc3 21. Qb3
Nxe4 22. Qxc3 Nxc3 23. Nxe5 Ne2+ 24. Kh2 Rxf1 25. Rxf1 Nc3 26. a5 Nb5 27. Nb3
Nd6 28. Nc5 1-0

[Event "74th South Island Chess Championship"]
[Site "Oamaru NZL"]
[Date "2023.09.28"]
[Round "3.20"]
[White "Koentges, Thomas"]
[Black "Van Der Krogt, Adrian"]
[Result "1-0"]
[WhiteElo "1773"]
[BlackElo "1707"]

1. b3 d5 2. Bb2 c5 3. e3 Nc6 4. Bb5 a6 5. Bxc6+ bxc6 6. Nf3 Nf6 7. Ne5 Qc7 8.
O-O g6 9. d4 cxd4 10. exd4 Bg7 11. Nd2 O-O 12. Qe2 a5 13. Rfe1 Ba6 14. c4 e6
15. Rac1 Bh6 16. Rc2 Bxd2 17. Qxd2 dxc4 18. bxc4 Nd7 19. Ng4 h5 20. Ne5 Kh7 21.
Ba3 Nxe5 22. Bxf8 Rxf8 23. Rxe5 Rd8 24. Qxa5 Qxa5 25. Rxa5 Rxd4 26. f3 Bxc4 27.
Kf2 Bb5 28. Ke3 Rd3+ 29. Kf4 Rd4+ 30. Ke5 Rd5+ 31. Kf6 Rf5+ 32. Ke7 Rf4 33. Rd2
Kg7 34. Ra8 h4 35. Rdd8 c5 36. Rh8 1-0

[Event "74th South Island Chess Championship"]
[Site "Oamaru NZL"]
[Date "2023.09.28"]
[Round "3.21"]
[White "Patel, Akash"]
[Black "Black, Ross"]
[Result "0-1"]
[WhiteElo "1484"]
[BlackElo "1724"]

1. Nf3 Nc6 2. d4 e6 3. c4 d5 4. Nc3 Nf6 5. Bg5 Be7 6. cxd5 exd5 7. e3 O-O 8.
Bd3 h6 9. Bxf6 Bxf6 10. Qc2 Nb4 11. Qb1 Nxd3+ 12. Qxd3 c6 13. O-O Bg4 14. Nd2
Re8 15. Rae1 Bh5 16. Ne2 Bg6 17. Qb3 Qd7 18. Nf4 Bh7 19. Nh5 Be7 20. Nf3 Bd6
21. Ng3 a5 22. a3 a4 23. Qd1 b5 24. Qd2 Bc7 25. Ra1 Ba5 26. Qc1 f6 27. Nd2 Qd6
28. b4 axb3 29. Nxb3 Bb6 30. Nc5 Bxc5 31. dxc5 Qd7 32. Qd1 Ra4 33. Ra2 Rea8 34.
Qb3 Rc4 35. Rd1 Qe7 36. e4 Qxc5 37. exd5 cxd5 38. Rda1 Rc3 39. Qb2 Rc2 40. Qb3
Qc4 41. Qxc4 dxc4 42. Rxc2 Bxc2 43. Ne2 Bd3 44. Nc1 b4 45. Nxd3 cxd3 46. a4 b3
47. Kf1 b2 0-1

[Event "74th South Island Chess Championship"]
[Site "Oamaru NZL"]
[Date "2023.09.28"]
[Round "3.22"]
[White "Keeling, Roy L"]
[Black "Ashe, Michael"]
[Result "0-1"]
[WhiteElo "1540"]
[BlackElo "1707"]

1. c4 e5 2. d3 Nf6 3. Nc3 d5 4. cxd5 Nxd5 5. Bd2 Nc6 6. Nf3 Be7 7. g3 O-O 8.
Bg2 Nb6 9. O-O Be6 10. a3 f6 11. b4 a5 12. b5 Nd4 13. Nxd4 exd4 14. Na4 Bd5 15.
Nxb6 cxb6 16. e4 dxe3 17. Bxe3 Bxg2 18. Kxg2 Bc5 19. a4 Qd5+ 20. Kg1 Rad8 21.
Bxc5 bxc5 22. Qc2 b6 23. Rad1 Rd6 24. Qc4 Rfd8 25. Rfe1 Qxc4 26. dxc4 Rxd1 0-1

[Event "74th South Island Chess Championship"]
[Site "Oamaru NZL"]
[Date "2023.09.28"]
[Round "3.23"]
[White "Anikonov, Artem"]
[Black "Gudoy, Paul"]
[Result "1-0"]
[WhiteElo "1721"]
[BlackElo "1382"]

1. e4 c6 2. d4 d5 3. e5 c5 4. c3 Nc6 5. Nf3 cxd4 6. cxd4 Bg4 7. Nc3 e6 8. Be2
Nge7 9. Be3 Bxf3 10. Bxf3 Nf5 11. Qd2 Be7 12. Bg4 Nxe3 13. Qxe3 Qb6 14. O-O
Qxd4 15. Qxd4 Nxd4 16. Rfd1 Nc6 17. f4 h5 18. Bh3 g6 19. Nb5 O-O-O 20. Nc3 Kb8
21. g3 a6 22. Rac1 Bc5+ 23. Kg2 Ba7 24. Na4 d4 25. Nc5 Rd5 26. Nxa6+ bxa6 27.
Rxc6 Kb7 28. Rc4 Rc8 29. Rxc8 Kxc8 30. Kf1 d3 31. Ke1 Be3 32. Bf1 Bc1 33. Rxc1+
Kb8 34. Rd1 Ra5 35. a3 Rb5 36. b4 Rd5 37. Rxd3 Rxd3 38. Bxd3 Ka7 39. Kd2 Kb6
40. Kc3 Ka7 41. Kd4 Kb6 42. Bxa6 Kxa6 43. Kc5 Kb7 44. Kd6 Kc8 45. Ke7 Kc7 46.
a4 Kc8 47. b5 Kc7 48. a5 Kc8 49. a6 Kc7 50. a7 Kb7 51. b6 Ka8 52. Kxf7 Kb7 53.
Kxe6 Ka8 54. Kf7 Kb7 55. e6 Ka8 56. e7 Kb7 57. e8=Q Ka6 58. a8=R+ Kb7 59. Qc8+
1-0

[Event "74th South Island Chess Championship"]
[Site "Oamaru NZL"]
[Date "2023.09.28"]
[Round "3.24"]
[White "Frith, Hunter"]
[Black "McLean, Gary"]
[Result "0-1"]
[WhiteElo "1343"]
[BlackElo "1449"]

1. e4 d6 2. Nc3 Nf6 3. Nf3 Nbd7 4. Bc4 h6 5. O-O c6 6. Qe2 e5 7. d4 Be7 8. d5
g5 9. dxc6 bxc6 10. Bxg5 hxg5 11. Nxg5 Rf8 12. Rad1 Nc5 13. b4 Ne6 14. Nf3 Nf4
15. Qe3 Rg8 16. g3 Bh3 17. Rfe1 Ng2 18. Qh6 Nxe1 19. Rxe1 Qd7 20. Ng5 Be6 21.
Bb3 O-O-O 22. Ba4 Rh8 23. Qg7 Rdg8 24. Qxg8+ Rxg8 25. Nf3 a6 26. Rd1 Bg4 27.
Nxe5 Qc7 28. Nxg4 Nxg4 29. Kg2 Qb6 30. b5 Qxf2+ 31. Kh1 Qxh2# 0-1

[Event "74th South Island Chess Championship"]
[Site "Oamaru NZL"]
[Date "2023.09.28"]
[Round "3.25"]
[White "Blair, Rowan"]
[Black "Coleman, Samantha"]
[Result "0-1"]
[WhiteElo "1436"]
[BlackElo "1305"]

1. d4 Nf6 2. Bf4 d6 3. e3 Nc6 4. Bd3 e5 5. dxe5 dxe5 6. Bg3 Qd5 7. c4 Qxg2 8.
Qf3 Qxf3 9. Nxf3 e4 10. Bxe4 Nxe4 11. Bxc7 Bb4+ 12. Ke2 O-O 13. a3 Bd6 14. Ba5
Nxa5 15. b4 Nxc4 16. Rd1 Bc7 17. Rd4 Ncd6 18. Nbd2 Nxd2 19. Rxd2 Re8 20. a4 Ne4
21. Rc2 Bb6 22. Rxc8 Rexc8 23. Rd1 h6 24. a5 Bc7 25. Nd4 Nc3+ 26. Kd2 Nxd1 27.
Kxd1 Bxh2 28. b5 Be5 29. Nf3 Rc5 0-1

[Event "South Island Championships 2023"]
[Site "Oamaru, New Zealand"]
[Date "????.??.??"]
[Round "4.3"]
[White "Carpinter, Anthony L"]
[Black "McNabb, Matthew D"]
[Result "0-1"]
[TimeControl "90 + 30"]
[WhiteFideId "4300238"]
[BlackFideId "4300823"]
[WhiteElo "2217"]
[BlackElo "2236"]

1. Nf3 {[%clk 01:30:17]} {[%emt 00:00:43]} d5 {[%clk 01:30:57]} {[%emt
00:00:04]} 2. e3 {[%clk 01:30:24]} {[%emt 00:00:23]} Nf6 {[%clk 01:30:50]}
{[%emt 00:00:38]} 3. c4 {[%clk 01:30:26]} {[%emt 00:00:27]} e6 {[%clk
01:31:16]} {[%emt 00:00:04]} 4. Nc3 {[%clk 01:30:30]} {[%emt 00:00:26]} c5
{[%emt 00:02:53]} 5. cxd5 {[%clk 01:30:34]} {[%emt 00:00:02]} exd5 {[%clk
01:29:38]} {[%emt 00:00:09]} 6. d4 {[%clk 01:30:36]} {[%emt 00:00:27]} Nc6
{[%clk 01:28:52]} {[%emt 00:01:16]} 7. Be2 {[%clk 01:28:25]} {[%emt 00:02:41]}
Be6 {[%clk 01:26:59]} {[%emt 00:02:24]} 8. O-O {[%clk 01:26:50]} {[%emt
00:02:04]} c4 {[%clk 01:25:20]} {[%emt 00:02:09]} 9. Ne5 {[%clk 01:21:02]}
{[%emt 00:06:18]} Bb4 {[%emt 00:20:16]} 10. Nxc6 {[%clk 01:03:31]} bxc6 {[%clk
01:23:54]} {[%emt 00:00:11]} 11. Bf3 {[%clk 01:02:43]} {[%emt 00:01:17]} Bxc3
{[%clk 01:22:19]} {[%emt 00:02:05]} 12. bxc3 {[%clk 01:03:03]} {[%emt
00:00:08]} O-O {[%clk 01:22:35]} {[%emt 00:00:15]} 13. Qc2 {[%clk 01:01:32]}
{[%emt 00:02:02]} Qa5 {[%clk 01:10:59]} {[%emt 00:12:07]} 14. Bd2 {[%clk
00:46:28]} {[%emt 00:15:33]} Rab8 {[%clk 00:56:44]} {[%emt 00:14:45]} 15. Rab1
{[%clk 00:46:16]} {[%emt 00:00:42]} Rb6 {[%emt 00:07:01]} 16. Rb4 {[%clk
00:43:36]} Rfb8 {[%clk 00:34:56]} {[%emt 00:18:57]} 17. Rfb1 {[%clk 00:36:10]}
{[%emt 00:07:56]} c5 {[%clk 00:34:16]} {[%emt 00:01:11]} 18. dxc5 {[%clk
00:34:22]} {[%emt 00:02:17]} Qxc5 {[%clk 00:33:58]} {[%emt 00:00:48]} 19. h3
{[%clk 00:26:48]} {[%emt 00:08:04]} Ne4 {[%clk 00:22:39]} {[%emt 00:11:49]} 20.
R1b2 {[%clk 00:23:23]} {[%emt 00:03:54]} Bf5 {[%clk 00:22:08]} {[%emt
00:01:01]} 21. Qd1 {[%clk 00:23:44]} {[%emt 00:00:09]} Nxd2 {[%clk 00:10:08]}
{[%emt 00:12:30]} 22. Qxd2 {[%clk 00:15:57]} {[%emt 00:08:17]} Rxb4 {[%clk
00:10:29]} {[%emt 00:00:10]} 23. Rxb4 {[%clk 00:16:20]} {[%emt 00:00:07]} Rxb4
{[%clk 00:10:48]} {[%emt 00:00:11]} 24. cxb4 {[%clk 00:16:40]} {[%emt
00:00:09]} c3 {[%clk 00:10:51]} {[%emt 00:00:28]} 25. bxc5 {[%clk 00:16:54]}
{[%emt 00:00:15]} cxd2 {[%clk 00:11:18]} {[%emt 00:00:04]} 26. Bd1 {[%clk
00:17:14]} {[%emt 00:00:10]} Kf8 {[%clk 00:11:00]} {[%emt 00:00:48]} 27. f3
{[%clk 00:15:01]} {[%emt 00:02:43]} Ke7 {[%clk 00:09:38]} {[%emt 00:01:52]} 28.
Kf2 {[%clk 00:14:55]} {[%emt 00:00:35]} Bd3 {[%clk 00:09:09]} {[%emt 00:01:00]}
29. Ba4 {[%clk 00:15:05]} {[%emt 00:00:20]} Bb5 {[%clk 00:08:22]} {[%emt
00:01:17]} 30. Bc2 {[%clk 00:11:02]} {[%emt 00:04:32]} Kd7 {[%clk 00:07:40]}
{[%emt 00:01:12]} 31. e4 {[%clk 00:05:01]} {[%emt 00:06:31]} d4 {[%clk
00:08:04]} {[%emt 00:00:07]} 0-1

[Event "South Island Championships 2023"]
[Site "Oamaru, New Zealand"]
[Date "????.??.??"]
[Round "4.7"]
[White "Dolejs, Dan"]
[Black "Christie, Richie"]
[Result "0-1"]
[TimeControl "90 + 30"]
[WhiteFideId "4301692"]
[BlackFideId "4307470"]
[WhiteElo "1800"]
[BlackElo "1927"]

1. b4 {[%clk 01:30:56]} {[%emt 00:00:03]} d5 {[%clk 01:29:19]} {[%emt
00:01:42]} 2. Bb2 {[%clk 01:30:58]} {[%emt 00:00:27]} Bf5 {[%clk 01:28:47]}
{[%emt 00:01:01]} 3. e3 {[%clk 01:29:31]} {[%emt 00:01:58]} e6 {[%clk
01:28:58]} {[%emt 00:00:20]} 4. Nf3 {[%clk 01:28:23]} {[%emt 00:01:36]} Nf6
{[%clk 01:29:09]} {[%emt 00:00:21]} 5. a3 {[%clk 01:27:59]} {[%emt 00:00:53]}
Bd6 {[%clk 01:26:50]} {[%emt 00:02:49]} 6. Bb5+ {[%clk 01:26:45]} {[%emt
00:01:44]} c6 {[%clk 01:27:12]} {[%emt 00:00:08]} 7. Bd3 {[%clk 01:27:09]}
{[%emt 00:00:06]} Bg6 {[%clk 01:26:19]} {[%emt 00:01:24]} 8. O-O {[%clk
01:22:39]} {[%emt 00:04:51]} Nbd7 {[%clk 01:26:48]} 9. Nc3 {[%clk 01:22:39]}
{[%emt 00:00:39]} e5 {[%clk 01:23:26]} {[%emt 00:03:53]} 10. Bxg6 {[%clk
01:19:07]} {[%emt 00:03:27]} hxg6 {[%clk 01:23:48]} {[%emt 00:00:44]} 11. Ng5
{[%clk 01:12:24]} {[%emt 00:07:11]} e4 {[%clk 01:16:52]} {[%emt 00:07:28]} 12.
f4 {[%clk 01:10:22]} {[%emt 00:02:32]} exf3 {[%clk 01:14:12]} {[%emt 00:03:10]}
13. Nxf3 {[%clk 01:10:27]} {[%emt 00:00:24]} Ne5 {[%clk 01:02:47]} {[%emt
00:11:55]} 14. g3 {[%clk 01:08:30]} {[%emt 00:02:26]} Qd7 {[%clk 00:57:00]}
{[%emt 00:06:18]} 15. b5 {[%clk 01:01:15]} {[%emt 00:07:45]} Qh3 {[%clk
00:54:24]} {[%emt 00:03:06]} 16. Qe2 {[%clk 01:00:15]} {[%emt 00:01:29]} Nxf3+
{[%clk 00:51:35]} {[%emt 00:03:21]} 17. Rxf3 {[%clk 01:00:34]} {[%emt
00:00:10]} Ng4 {[%clk 00:50:41]} {[%emt 00:01:24]} 18. bxc6 {[%clk 00:58:57]}
{[%emt 00:02:07]} bxc6 {[%clk 00:49:21]} {[%emt 00:01:51]} 19. e4 {[%clk
00:54:23]} {[%emt 00:05:02]} Bc5+ {[%clk 00:48:52]} {[%emt 00:01:00]} 20. Re3
{[%clk 00:52:51]} {[%emt 00:02:01]} Bxe3+ {[%clk 00:32:37]} {[%emt 00:16:46]}
21. dxe3 {[%clk 00:53:08]} {[%emt 00:00:12]} Rb8 {[%clk 00:27:34]} {[%emt
00:05:35]} 22. Na4 {[%clk 00:46:10]} {[%emt 00:07:28]} dxe4 {[%clk 00:26:44]}
{[%emt 00:01:20]} 23. Bxg7 {[%clk 00:45:38]} {[%emt 00:01:00]} Qxh2+ {[%clk
00:26:25]} {[%emt 00:00:51]} 24. Qxh2 {[%clk 00:45:36]} {[%emt 00:00:21]} Rxh2
{[%clk 00:26:48]} {[%emt 00:00:17]} 25. c3 {[%clk 00:39:26]} {[%emt 00:06:40]}
Rd2 {[%clk 00:25:32]} {[%emt 00:01:46]} 26. Bd4 {[%clk 00:39:05]} {[%emt
00:00:51]} Nh2 {[%clk 00:24:32]} {[%emt 00:01:30]} 27. Bf6 {[%clk 00:35:01]}
{[%emt 00:04:32]} Nf3+ {[%clk 00:24:53]} {[%emt 00:00:11]} 28. Kf1 {[%clk
00:35:14]} {[%emt 00:00:16]} Rb5 {[%clk 00:24:55]} {[%emt 00:00:28]} 29. g4
{[%clk 00:32:46]} {[%emt 00:02:59]} Ra5 {[%clk 00:17:47]} {[%emt 00:07:39]} 30.
Rb1 {[%clk 00:29:12]} {[%emt 00:04:03]} Rxa4 {[%clk 00:17:17]} {[%emt
00:01:01]} 31. Rb8+ {[%clk 00:29:31]} {[%emt 00:00:10]} Kd7 {[%clk 00:17:46]}
{[%emt 00:00:01]} 32. g5 {[%clk 00:26:06]} {[%emt 00:03:55]} Rxa3 {[%clk
00:17:18]} {[%emt 00:00:59]} 33. Rb7+ {[%clk 00:24:33]} {[%emt 00:02:02]} Kc8
{[%clk 00:17:46]} {[%emt 00:00:02]} 34. Rb1 {[%clk 00:24:53]} {[%emt 00:00:09]}
Raa2 {[%clk 00:18:07]} {[%emt 00:00:10]} 0-1